=LDR 00000nam 2200000 4500 =001 INLIS000000000025387 =005 20130612123912 =008 ***********************************Ind** =035 ##$$0010-061300000025387 =041 ##$$a Ind =082 ##$$a 741.3 =090 ##$$a 741.3, Hud s =100 ##$$a Huda, Nurul F =245 ##$$a Novel komik remaja, Story at the party, Nurul F. Huda =260 ##$$a 2003 $b Bandung =300 ##$$a 160 hlm, ilus, 17 cm =650 ##$$a Komik remaja =850 ##$$a NBPNMAT =990 ##$$a 21601671/BPAP-NTB/2017